000 00794nam a2200241Ia 4500
003 OSt
005 20220923225317.0
006 a|||||r|||| 00| 0
007 ta
008 220922b |||||||| |||| 00| 0 hin d
024 _a262,946
037 _cTextual
040 _aARTS
_cARTS
_bhin
041 _2hin
_ahin
082 _aO152,2M48x, H7
100 _aभट्ट, धनंजय, संपा.
_9156315
245 0 _aभट्ट नाटकावली
246 _aBhaṭṭa nāṭakāvalī
260 _aवाराणसी
_b नागरी प्रचारिणी
_c1947
650 _aहिन्दी साहित्य
_9156264
942 _hO152,2M48x, H7
_cTEXL
_2CC
999 _c377484
_d377484